De quelle nationalité sont ces sportifs ? Carte Quiz - Statistiques

Statistiques générales
  • Ce quiz a été pris 609 fois
    554 depuis la dernière actualisation
  • Le résultat moyen est 15 sur 20
Réponses sur la Carte
Les réponses sont colorées sur une échelle allant du rouge au vert en fonction du pourcentage des utilisateurs qui les ont devinées à leur premier essai. Vous pouvez retrouver ces pourcentages ci-dessous.
 
Statistiques - réponses
Réponse % Correct
Conor McGregor
88%
Teddy Riner
85%
Björn Borg
84%
Federica Pellegrini
84%
Sawao Katō
83%
Lewis Hamilton
82%
Roger Federer
82%
Eddy Merckx
79%
Michael Schumacher
79%
Mike Tyson
79%
Novak Djokovic
75%
Khabib Nurmagomedov
71%
Usain Bolt
71%
Marit Bjørgen
70%
Jonah Lomu
69%
Eliud Kipchoge
66%
Virat Kohli
66%
Janica Kostelić
62%
Nadia Comăneci
60%
Wayne Gretzky
53%
Aucun quiz correspondant
Distribution des résultats
% des personnes avec chaque résultat
Percentile par nombre de réponses
Votre historique - résultats
Vous n’avez pas pris ce quiz depuis la dernière actualisation